ბათუმის შოთა რუსთაველის სახელმწიფო უნივერსიტეტის ბიბლიოთეკა

მასწავლებელთა გამოცდილებიდან : (ბიბ.ჩანაწერი № 53284)

000 -ლიდერი
ფიქსირებული სიგრძის საკონტროლო ველი 01379nam a2200241Ia 4500
001 - საკონტროლო ნომერი
საკონტროლო ველი 20325
003 - საკონტროლო ნომრის იდენტიფიკატორი
საკონტროლო ველი GE_BSU
005 - ბოლო ოპერაციის თარიღი და დრო
საკონტროლო ველი 20200910205033.0
008 - ფიქსირებული სიგრძის მონაცემთა ელემენტები - ზოგადი ინფორმაცია
ფიქსირებული სიგრძის საკონტროლო ველი 181216s1953||||ge |||||||||||||| ||geo||
040 ## - კატალოგიზაციის წყარო
Transcribing agency GE_BSU
041 ## - ენის კოდი
Language code of text/sound track or separate title geo
080 ## - უნივერსალური ათობითი კლასიფიკაციის ინდექსი
Universal Decimal Classification number 811.353.1(072) + 821.353.1(072) მ-36
245 ## - ცნობა სათაურის შესახებ
Title მასწავლებელთა გამოცდილებიდან :
Remainder of title ქართული ენა და ლიტერატურა /
Statement of responsibility, etc რედ. ვლ. მახარაძე.
264 ## - წარმოების, გამოცემის, დისტრიბუციის და სხვა ცნობები
გამოცემის, წარმოების, დისტრიბუციის... ადგილი თბილისი :
გამოცემის, წარმოების, დისტრიბუციის... სახელწოდება ინსტიტუტის გამომცემლობა,
გამოცემის, წარმოების, დისტრიბუციის... თარიღი 1953.
300 ## - ფიზიკური აღწერა
Extent 161 გვ. ;
Dimensions 22 სმ.
490 ## - სერიის ცნობა
Series statement (პედაგოგიური კითხვის სერია)
653 ## - INDEX TERM--UNCONTROLLED
Uncontrolled term ქართული ენის სწავლების მეთოდიკა
653 ## - INDEX TERM--UNCONTROLLED
Uncontrolled term ქართული ლიტერატურის სწავლების მეთოდიკა
700 ## - ADDED ENTRY--PERSONAL NAME
Personal name მახარაძე, ვლ.
Relator term რედაქტორი
9 (RLIN) 9517
710 ## - ADDED ENTRY--CORPORATE NAME
Corporate name or jurisdiction name as entry element საქართველოს სსრ განათლების სამინისტრო
Relator term პედაგოურ მეცნიერებათა სამეცნიერო-საკვლევი ინსტიტუტი
9 (RLIN) 9518
942 ## - ADDED ENTRY ELEMENTS (KOHA)
Koha item type წიგნი
Source of classification or shelving scheme
ეგზემპლარები
ჩამოწერის სტატუსი დაკარგული ეგზემპლარის სტატუსი კლასიფიკაციის წყარო ან თაროზე გაწყობის სქემა დაზიანების სტატუსი არ გაიცემა მუდმივი მდებარეობა (დაცვის ადგილი) ამჟამინდელი ადგილსამყოფელი თაროზე განთავსების ადგილი შეძენის თარიღი ღირებულება, შესყიდვის ნორმალური ფასი სრული შენახვის შიფრი შტრიხკოდი ბოლო ოპერაციის თარიღი ეგზემპლარის მიმდევრობითი ნომერი (კეტერი?) ფასის ძალაში შესვლის თარიღი ეგზემპლარის სახეობა საჯარო შენიშვნა
          ბათუმის შოთა რუსთაველის სახელმწიფო უნივერსიტეტის მთავარი ბიბლიოთეკა ბათუმის შოთა რუსთაველის სახელმწიფო უნივერსიტეტის მთავარი ბიბლიოთეკა წიგნსაცავი 2018-12-17 0.80 811.353.1(072) + 821.353.1(072) მ-36 53120 2018-12-17 53120 2018-12-17 წიგნი 0.80 ლ.
          ბათუმის შოთა რუსთაველის სახელმწიფო უნივერსიტეტის მთავარი ბიბლიოთეკა ბათუმის შოთა რუსთაველის სახელმწიფო უნივერსიტეტის მთავარი ბიბლიოთეკა წიგნსაცავი 2018-12-17 0.80 811.353.1(072) + 821.353.1(072) მ-36 53121 2018-12-17 53121 2018-12-17 წიგნი 0.80 ლ.
          ბათუმის შოთა რუსთაველის სახელმწიფო უნივერსიტეტის მთავარი ბიბლიოთეკა ბათუმის შოთა რუსთაველის სახელმწიფო უნივერსიტეტის მთავარი ბიბლიოთეკა წიგნის კალათა 2018-12-17 0.80 811.353.1(072) + 821.353.1(072) მ-36 53122 2018-12-17 53122 2018-12-17 წიგნი 0.80 ლ.